| 000 | 01229nam a2200253Ia 4500 | ||
|---|---|---|---|
| 999 |
_c47205 _d47205 |
||
| 001 | 14065 | ||
| 003 | GE_BSU | ||
| 005 | 20190430164005.0 | ||
| 008 | 181216s2005||||ge |||||||||||||| ||geo|| | ||
| 020 | _a9994011049 | ||
| 040 | _cGE_BSU | ||
| 041 | _ageo | ||
| 080 | _a271.22(479.22) გ-96 | ||
| 100 |
_aგუნია, ირაკლი _9560 |
||
| 245 |
_aსაქართველოს მონასტრები. : _bენციკლოპედიური ცნობარი / _cირაკლი გუნია; რედ.: როინ მეტრეველი. |
||
| 264 |
_aთბილისი : _bარტანუჯი, _c2005. |
||
| 300 |
_a200 გვ. : _b ილ. ; _c22სმ. |
||
| 500 | _aდაიბეჭდა საქ. კათოლიკოს-პატრიარქის ილია II-ის ლოცვა-კურთხევით. | ||
| 653 | _aისტორია | ||
| 653 | _aსაქართველოს მონასტრები. | ||
| 653 | _aსაქართველოს მონასტრები-ცნობარი | ||
| 700 |
_aმეტრეველი, როინ _eრედაქტორი _9413 |
||
| 942 |
_cBK _2udc |
||